| 000 | 00598nam a2200169 i 4500 | ||
|---|---|---|---|
| 001 | 141545 | ||
| 003 | ES-MaACL | ||
| 005 | 20230906200321.0 | ||
| 007 | t| | ||
| 008 | 070925s1922 gw ||||1| spa d | ||
| 100 | 1 |
_aVolkmann, E. O. _9115698 |
|
| 245 | 1 | 0 |
_aHistoria de la conflagración mundial 1914-1918 _b: relación sucinta a base de fuentes oficiales del archivo imperial / _cpor Erich Otto Volkmann ; versión española por Amadeo Maurel. |
| 260 |
_aBerlin : _bEdit. Internacional, _c1922. |
||
| 300 |
_a261 p. ; _c23 cm. |
||
| 700 | 1 |
_aMaurel, Amadeo. _979234 |
|
| 852 |
_aES-MaACL _jD-559 |
||
| 999 |
_c141545 _d141545 |
||